000 00843nam a2200277 i 4500
001 108151
003 ES-MaACL
005 20250822231528.0
007 t|
008 070125s1995 fr ||||1| fre d
020 _a2-87761-078-0
080 _a78 Luis Mariano
080 _a929 Luis Mariano
100 1 _aRingold, Daniel.
_997280
245 1 0 _aLuis Mariano
_b: le prince de lumière /
_cDaniel Ringold, Philippe Guiboust, Patchi Lacan.
260 _aParis :
_bTF1,
_c1995.
300 _a404 p. :
_bil. ;
_c23 cm.
490 1 _aMusique
500 _aBiblioteca Jacinto Martínez Lacalle.
600 0 7 _aLuis Mariano,
_d1920-1970
_2embne
_974695
700 1 _aGuiboust, Philippe.
_960641
700 1 _aLacan, Patchi.
_969327
830 0 _aMusique
_9232932
852 _aES-MaACL
_jE-11525
_bR.139587
999 _c108151
_d108151